000 00664nam a2200205Ia 4500
003 GCL
005 20240530102327.0
008 140319s9999 xx 000 0 ara d
040 _aGCL /
_cGCL
082 0 4 _a301
_bا م
100 1 _aالسيد على شتا
245 1 0 _aالمنهج العلمى وعلم الاجتماع /
_cالسيد على شتا
260 _a[S.N] :
_bمؤسسة شباب الجامعة ،
_c1995
490 _aعلم الاجتماع المعاصر
_v0
650 0 4 _aخدمة الفرد
650 0 4 _aالاجتماع
650 0 4 _aالتغير الاجتماعى
650 0 4 _aالبناء الاجتماعى
942 _2ddc
_cBK
999 _c31460
_d31460